000 00353pam a2200157a 44500
008 230515b1994 xxu||||| |||| 00| 0 eng d
020 _aNULL
041 _aENGLISH
082 _aN.D.
100 _aGrob Bernard
245 _aBasic Television & Video Systems
250 _a0
260 _aNULL
_bMcgraw Hill
_c1994
300 _a468
650 _aNULL
999 _c576660
_d576660